|
|
|
|
| LEADER |
01254nam a2200337 a 4500 |
| 001 |
000420993 |
| 003 |
CZ BrMZK |
| 005 |
20201216084441.0 |
| 007 |
ta |
| 008 |
990315s1999 xr f 0 cze d |
| 015 |
|
|
|a cnb000693290
|
| 035 |
|
|
|a (OCoLC)84972753
|
| 040 |
|
|
|a BOA001
|b cze
|
| 072 |
|
7 |
|a 629
|x Dopravní prostředky
|2 Konspekt
|9 19
|
| 080 |
|
|
|a 629.422
|2 MRF
|
| 080 |
|
|
|a (048.8)
|2 MRF
|
| 100 |
1 |
|
|a Kolomý, Radoslav
|7 xx0024317
|4 aut
|
| 245 |
1 |
0 |
|a Haswellovy lokomotivy s výkyvnými nápravami /
|c Radoslav Kolomý, Pavel Stejskal, Jaromír Zelenka.
|
| 260 |
|
|
|a Pardubice :
|b Univerzita Pardubice,
|c 1999
|
| 300 |
|
|
|a 53 s. :
|b il. ;
|c 29 cm +
|e 3 volné přílohy.
|
| 490 |
1 |
|
|a Technické zprávy StEG ;
|v č. 17
|
| 500 |
|
|
|a Náz. vzat z obalu. - Bibliogr.
|
| 650 |
0 |
7 |
|a parní lokomotivy
|7 ph115683
|2 czenas
|
| 655 |
|
7 |
|a studie
|7 fd133597
|2 czenas
|
| 700 |
1 |
|
|a Zelenka, Jaromír
|7 ola2002158830
|4 aut
|
| 700 |
1 |
|
|a Stejskal, Pavel,
|d 1959-
|7 jx20041130013
|4 aut
|
| 710 |
2 |
|
|a Univerzita Pardubice.
|b Dopravní fakulta Jana Pernera
|7 kn20010709380
|
| 830 |
|
0 |
|a Technické zprávy StEG
|
| 910 |
|
|
|a BOA001
|b 4-1059.874
|
| 990 |
|
|
|a BK
|
| 996 |
7 |
|
|b 2610093687
|c 4-1059.874
|l MZK
|r Sklad / do 1 hodiny
|n 4
|p p.v.
|w 000420993
|u 000010
|a 1
|e BOA001
|j MZK50
|s A
|